La conducta de ayuda desde la perspectiva atribucionista

Saved in:
Bibliografiske detaljer
Hovedforfatter: Bertoglia Richards, Luis Fernando (Author)
Format: Bog
Sprog:spansk
Udgivet: Antofagasta Universidad de Antofagasta 2000
Serier:Serie Ensayos Académicos, 1
Fag:
Tags: Tilføj Tag
Ingen Tags, Vær først til at tagge denne postø!

MARC

LEADER 00000nam a2200000 a 4500
001 UCM3850
003 CL-VaPUC
008 020719e20000000CL |||||||||||||||||spa|d
082 0 4 |a 370.153  |b BER  |2 21 
100 |a Bertoglia Richards, Luis Fernando  |e author  |9 307827 
245 1 3 |a La conducta de ayuda desde la perspectiva atribucionista 
300 |a 24 p 
942 |c BK 
945 |d 20020719 00:00:00  |a cmena 
260 |a Antofagasta  |b Universidad de Antofagasta  |c 2000 
650 0 |a Psicología educacional   |9 307830 
650 0 |a Conducta humana   |9 269906 
650 7 |a PSICOTERAPIA  |2 CL-VaPUC  |9 470481 
650 0 |a Atribuciones   |9 391182 
583 |a last modification  |c 20160307 12:56:47  |k Rodrigo Vera 
490 0 |a Serie Ensayos Académicos, 1 
999 |c 300913  |d 300911 
952 |0 0  |1 0  |4 0  |6 370_153000000000000_BER_2000  |7 0  |8 A  |9 359317  |a BIBEDU  |b BIBEDU  |d 2019-11-21  |i 3808343  |o 370.153 BER 2000  |p 3808343  |r 2019-11-21  |w 2019-11-21  |y BK  |k PSI 
952 |0 0  |1 0  |4 0  |6 370_153000000000000_BER_2000  |7 0  |8 A  |9 359318  |a BIBEDU  |b BIBEDU  |d 2019-11-21  |i 3808335  |o 370.153 BER 2000  |p 3808335  |r 2019-11-21  |w 2019-11-21  |y BK  |k PSI